VPLYV RASTOVÝCH VLASTNOSTÍ JEDLE NA JEJ STABILITU PROTI VETRU

Bibliographic Details
Main Author: Kodrík, Jozef, 1930-2015 (Author)
Other Authors: Šepetková (Translator), Horská, A. (Translator)
Format: Article
Language:Slovak

MARC

LEADER 00000nab a2200000 a 4500
001 vtls011131398
003 SK-MaSNL
005 20260303150855.0
008 230222|1968 xo |||||||||||||||||slo|
015 |a SNBRB 
035 |a (uuid)dfaf6e2c-9ccf-4b98-92d4-05b276f521a1 
035 |a (urnnbn)urn:nbn:sk:snk:ar-a09lau 
035 |a urn:nbn:sk:snk-aba92b 
040 |a SNKBUCL  |b slo  |c SNKBUCL  |e AACR2 
041 0 |a slo 
044 |a xo  |c SK 
100 1 |a Kodrík, Jozef,  |d 1930-2015  |4 aut  |9 109126 
245 1 0 |a VPLYV RASTOVÝCH VLASTNOSTÍ JEDLE NA JEJ STABILITU PROTI VETRU  |c Jozef Kodrík, Šepetková, A. Horská 
700 1 |a Šepetková  |4 trl  |9 1169970 
700 1 |a Horská, A.  |4 trl  |9 792650 
773 0 |t Zborník vedeckých prác Lesníckej fakulty Vysokej školy lesníckej a drevárskej vo Zvolene  |g Roč. 10, č. 3 (1968), s. 85-100 
954 |a odborná, vedecká literatúra pôvodná (slovenská)  |2 lita 
958 |a OND 
958 |a EUIPO 
958 |a article13 
999 |c 2014136  |d 2016066